000 01383nab a22002297a 4500
999 _c5914
_d5914
003 OSt
005 20260110023209.0
008 190605e xxu||||| |||| 00| 0 spa d
040 _cPJ
100 _96161
_aIbarra Pérez, Oscar
245 1 0 _aCarga de familia :
_bsu concepto y evolución a fines de aplicarse en las licencias por enfermedades inculpables de la LCT /
_cOscar Ibarra Pérez.
260 _aCiudad Autónoma de Buenos Aires :
_bThomson Reuters La Ley,
_c2023.
300 _ap. 193-200
500 _aCita: TR LALEY AR/DOC/2533/2023.
505 _aSumario: I. Introducción.— II. El concepto de familia. Su carácter amplio y dinámico.— III. Ausencia de definición en la LCT. Integración amplia con fuentes supletorias: el Cód. Civil, la constitución, convenios OIT, tratados, jurisprudencia y principios del derecho laboral.— IV. ¿Qué significa carga de familia?— V. Efectos prácticos e impacto en las licencias por enfermedad.— VI. Conclusiones.
505 _t¿Te interesa el texto completo? Solicitalo al correo: koha@justierradelfuego.gov.ar
650 0 _91316
_aDERECHO LABORAL
650 0 _91394
_aASIGNACIONES FAMILIARES
650 0 _94432
_aLICENCIAS ESPECIALES
773 0 _02711
_93168
_dCiudad Autónoma de Buenos Aires : Thomson Reuters La Ley, 1999-2002.
_tRevista de derecho del trabajo. Nº 6 - Noviembre 2023
942 _2udc
_cANA